| 000 | 01048nam a22003137a 4500 | ||
|---|---|---|---|
| 003 | OSt | ||
| 005 | 20170518103316.0 | ||
| 008 | 170313b xxu||||| |||| 00| 0 eng d | ||
| 020 | _a9780199535811 | ||
| 040 |
_aMMU _cMMU _dMMU _beng |
||
| 043 | _ae-dk--- | ||
| 050 | 0 | 0 |
_aPR2807.A2 _bH7 1987 |
| 082 | 0 | 0 |
_a822/.33 _222 |
| 100 | 1 |
_aShakespeare, William, _d1564-1616. |
|
| 245 | 1 | 0 |
_aHamlet / _cWilliam Shakespeare ; edited by G.R. Hibbard. |
| 260 |
_aOxford [England] ; _aNew York : _bOxford University Press ; _c2008. |
||
| 300 |
_aix, 406 p. : _bill. ; _c20 cm. |
||
| 490 | 0 | _aOxford world's classics | |
| 504 | _aIncludes bibliographical references (p. 132-137) and index. | ||
| 600 | 0 | 0 |
_aHamlet _c(Legendary character) _vDrama. |
| 650 | 0 |
_aKings and rulers _xSuccession _vDrama. |
|
| 650 | 0 |
_aMurder victims' families _vDrama. |
|
| 650 | 0 |
_aFathers _xDeath _vDrama. |
|
| 650 | 0 |
_aRevenge _vDrama. |
|
| 650 | 0 |
_aPrinces _vDrama. |
|
| 651 | 0 |
_aDenmark _vDrama. |
|
| 700 | 1 |
_aHibbard, G. R. _q(George Richard), _d1915- |
|
| 942 |
_2lcc _cLOAN LOAN |
||
| 999 |
_c24440 _d24440 |
||